| 000 | 00679cam a2200229Ia 4500 | ||
|---|---|---|---|
| 020 | _a0785405097 | ||
| 020 | _a9780785405092 | ||
| 020 | _a0785405119 (Teacher's edition) | ||
| 020 | _a9780785405115 (Teacher's edition) | ||
| 040 | _cBDR | ||
| 082 | _a428 AGS 1997 A024 Or. | ||
| 100 | 1 | _aWalker, Bonnie L. | |
| 245 | 1 | 0 | _aAGS life skills English / |
| 246 | 3 | 0 | _aLife skills English |
| 260 |
_aCircle Pines, Minn. : _bAGS, American Guidance Service, _cc1997. |
||
| 300 |
_av, 278 p. : _bill. ; _c24 cm. + _eteacher's edition. |
||
| 500 | _aIncludes index. | ||
| 650 | 0 | _aReading (Adult education) | |
| 650 | 0 | _aEnglish language | |
| 650 | 0 | _aLife skills. | |
| 942 | _cEK | ||
| 999 |
_c15806 _d15806 |
||